| 000 | 00369 a2200169 4500 | ||
|---|---|---|---|
| 001 | 182833 | ||
| 020 | _a85-322-3621-9 | ||
| 040 | _cMagnum | ||
| 100 | _aVicente, Gil | ||
| 240 | 1 | 0 |
_aAuto da barca do inferno _lpor |
| 245 | 1 | 0 | _aAuto da barca do inferno |
| 300 | _a71 | ||
| 362 | 0 | _a1997 | |
| 440 | 1 | _aFTD | |
| 697 | _aLITERATURA GERAL ESTRANGEIRA | ||
| 942 | _cBK | ||
| 999 |
_c182833 _d182833 |
||